[Event "St Petersburg-ch"]
[Site "St Petersburg"]
[Date "1998.04.14"]
[Round "7"]
[White "Loginov, Valery A"]
[Black "Taimanov, Mark E"]
[Result "1-0"]
[WhiteElo "2500"]
[BlackElo "2490"]
[Annotator "Ribli,Z"]
[PlyCount "81"]
[EventDate "1998.04.07"]
[EventType "tourn"]
[EventRounds "13"]
[EventCountry "RUS"]
[EventCategory "10"]
[SourceTitle "CBM 065"]
[Source "ChessBase"]
[SourceDate "1998.08.06"]
[SourceVersion "1"]
[SourceVersionDate "1998.08.06"]
[SourceQuality "1"]

1. Nf3 {Mikhalevski,V} Nf6 2. c4 e6 3. g3 d5 4. Bg2 {Diese Zugfolge ist sehr
in Mode. 4.d4 führt zur Katalanischen Eröffnung, zu der es auch in der Partie
kommt. Ribli.} dxc4 5. Qa4+ Bd7 {Dieser Zug ist noch nicht schlecht, aber die
prinzipiellere Fortsetzung wäre 5....Nbd7, um den Damenläufer auf der langen
Diagonalen zu plazieren.} (5... Qd7 6. Qxc4 Qc6 7. b3 Qxc4 8. bxc4 Nc6 9. O-O
e5 10. Bb2 $14 {Beide Läufer in den langen Diagonalen und ein potentiell
starkes Bauernzentrum sichern dem Weißen dauerhaften Vorteil.}) 6. Qxc4 Nc6 {
Nach diesem Zug hat Schwarz Probleme, zu ...c7-c5 zu kommen. Ohne ...c7-c5
wird es für Schwarz schwierig, Gegenspiel gegen das entstehende starke weiße
Bauernzentrum zu erlangen.} (6... Bc6 7. O-O Nbd7 8. Qc2 e5 (8... Bd6 9. Nc3
O-O 10. a3 $14) 9. Nc3 Bc5 10. a3 $14) (6... c5 {Schwarz plant 7...Bc6 mit
ausgeglichenen Chancen zu spielen.} 7. Ne5 {[%csl Ge5]} Qb6 8. Nxd7 Nbxd7 {
[%csl Gg2][%cal Gg2a8]} 9. Nc3 $14 {Dem Schwarzen fehlt der weißfeldrige
Läufer.}) 7. O-O Be7 8. d4 Nd5 {A new move.Black usually tried 8...Rc8,8...0-0
or 8...Na5.} (8... Rc8 9. Bd2 (9. Nc3 Na5 10. Qd3 c5 11. dxc5 Bxc5 12. Ne5 Nc6
13. Nxd7 Qxd7 14. Qb5 b6 15. Rd1 Qb7 16. Na4 {1-0 Szekely,P-Deze,A/Zala Cup
1977 (20)} (16. Na4 Be7 17. Bg5 O-O 18. Bxf6 Bxf6 19. Rd6 a6 20. Qxb6 Qxb6 21.
Nxb6 {1-0 Szekely,P-Deze,A/Zala Cup 1977})) 9... O-O 10. Rd1 Qe8 11. Nc3 Na5
12. Qd3 c5 13. dxc5 Bxc5 14. b4 Bxb4 15. Ne4 Bb5 16. Qb1 Bxd2 17. Nd6 Qe7 18.
Nxc8 Rxc8 19. Qxb5 {1-0 Vaganian,R-Dvorietzky,M/URS-ch43 1975 (30)} (19. Qxb5 {
Mikhalevski,V} Qb4 20. Qd3 Bh6 21. Rab1 Qe7 22. Ne5 g6 23. e3 Bf8 24. Rbc1 Rc5
25. Qd4 b6 26. Rxc5 Qxc5 27. Qxc5 Bxc5 28. Rd8+ Kg7 29. Ra8 b5 30. Bf1 Nd5 31.
Bxb5 {1-0 Vaganian,R-Dvorietzky,M/URS-ch43 1975})) (8... Na5 9. Qd3 (9. Qc2 Rc8
10. Nc3 c5 11. dxc5 Bxc5 12. e4 Nc6 13. e5 Nb4 14. Qd2 Nfd5 15. a3 Nxc3 16.
axb4 Bxb4 17. bxc3 Bxc3 18. Qa2 Bxa1 19. Qxa1 O-O 20. Qxa7 Bc6 21. Ba3 Re8 22.
Bd6 Ra8 23. Qe3 Ra4 24. Nd2 Bxg2 25. Kxg2 Qa5 26. Rb1 Qd5+ 27. Nf3 Rc8 28. Qb6
h6 29. Qxb7 Qxb7 30. Rxb7 Rc2 31. Rb5 Raa2 32. Bc5 Rab2 33. Ra5 Ra2 {Fischer,
R-Di Camillo,A/USA-ch 1957/1-0 (69)}) 9... c5 10. dxc5 Bxc5 11. Ne5 Rc8 12. Be3
Bxe3 13. Qxe3 Qb6 14. Qxb6 axb6 15. b4 Nc6 16. Nc4 Ke7 17. Nxb6 Rc7 18. Nxd7
Nxd7 19. a3 {Azmaiparashvili,Z-Nikolic,P/JUG-URS 1979/1/2-1/2 (71)} (19. a3 {
Mikhalevski,V} Nd4 20. e3 Ne2+ 21. Kh1 Ne5 22. Ra2 Nc1 23. Rd2 Rhc8 24. h3 Nb3
25. Rdd1 b6 26. Nd2 Nxd2 27. Rxd2 Ra7 28. Ra1 Rc3 29. a4 Rb3 30. a5 Rxb4 31. a6
Nd7 32. Bf1 Nc5 33. Raa2 {Azmaiparashvili,Z-Nikolic,P/JUG-URS 1979/1/2-1/2 (71)
})) (8... O-O 9. Rd1 (9. Nc3 {Mit der Idee 10.e4 kommt auch in Betracht.} Rb8 {
Mikhalevski,V} 10. Rd1 (10. Bg5 b5 11. Qd3 b4 12. Bxf6 gxf6 13. Ne4 Na5 14. b3
f5 15. Ned2 c5 16. dxc5 Bxc5 17. Rac1 Bb6 18. Rfd1 Bb5 19. Qxd8 Rfxd8 20. Bf1
Rbc8 21. e3 Bxf1 22. Nxf1 Kg7 23. Ne5 Kf6 24. Rxc8 Rxd1 25. Nc4 Nxc4 26. Rxc4
Ra1 27. Rc2 Kg6 28. Kg2 Bd8 29. Nd2 Bf6 30. Nf3 Bc3 31. Ng1 h6 {1/2-1/2
Gasthofer,V-Koniushkov,I/Kstovo op 1994}) 10... b5 11. Qd3 b4 12. Ne4 Na5 13.
Nfg5 Nxe4 14. Nxe4 Bb5 15. Qc2 f5 16. Nc5 Bxc5 17. dxc5 Qf6 18. h4 h6 19. e4
fxe4 20. Bxe4 Nc6 21. Be3 {1/2-1/2 Agdestein,E-Johansen,S/NOR-ch 1982}) 9...
Rc8 10. Nc3 Be8 11. e4 b5 12. Qe2 b4 13. d5 exd5 14. Nxd5 Nxd5 15. Rxd5 Bd6 16.
e5 Qe7 17. Be3 Nxe5 18. Nxe5 c6 19. Rxd6 Qxd6 20. Qa6 {1-0 Szekely,
P-Boguszlavszky,J/HUN-chT 1992 (33)} (20. Qa6 Qc7 21. Nc4 Bd7 22. Bf4 Qd8 23.
Rd1 Qe7 24. Qxa7 Rcd8 25. h4 Qe2 26. Rxd7 Qxc4 27. b3 Qc2 28. Rxd8 Rxd8 29. Qe7
Ra8 30. Qxb4 h6 31. a4 Rd8 32. Be3 Rd1+ 33. Kh2 f5 34. Qc4+ {1-0 Szekely,
P-Boguszlavszky,J/HUN-chT 1992})) 9. e4 Nb6 10. Qe2 $14 {[%csl Rb6,Rc6,Rd7]
White is just better:space advantage,strong centre,c7-c5 is far away. Weiß hat
ein starkes Bauernzentrum und die schwarzen Leichtfiguren am Damenflügel
stehen passiv.} O-O 11. Rd1 {[%csl Gd1][%cal Gd1d8]} a5 {Der Vorstoß des
a-Bauern ist ungefährlich. Weiß kann mit normalen Entwicklungszügen die
Stellung verbessern.} 12. Nc3 a4 13. Bf4 {[%csl Gd4,Ge4]} (13. a3 $2 Na5 $15 {
[%cal Ra5b3]}) 13... a3 {It's easy to understand a wish of Black to organize
counterplay. But still he had to refrain from a4-a3.Black just gives away a
pawn as capture on a3 is impossible in view of Nb5.} 14. bxa3 Na5 {[%csl Yc4]
Schwarz hat einen Minusbauern, aber die Doppelbauern in der a-Linie sind nicht
stark. Schwarz droht, ...Nac4 zu spielen und den a-Bauern zurückzugewinnen.} (
14... Bxa3 15. Nb5 {[%csl Ra3,Gb5,Rc7,Gf4][%cal Rb5c7]}) (14... Rxa3 15. Nb5 {
[%csl Gb5,Rc7,Gf4][%cal Rb5a3,Rb5c7]}) 15. Ne5 Na4 (15... Bxa3 {Mikhalevski,V}
16. d5 $1 {[%cal Rd1d8]}) 16. Qc2 {White has been strengthening his position
from move to move and Black is still very passive.} (16. Rac1 $2 Bxa3 $13) (16.
Nxa4 Bxa4 {[%csl Ga4,Rd1][%cal Ra4d1]}) 16... Nxc3 17. Qxc3 Ba4 (17... Nc6 {
[%cal Ra8a3] Mikhalevski,V} 18. Nxd7 $1 (18. d5 $5 exd5 (18... Rxa3 $2 19. Qxa3
$1 Bxa3 20. dxc6 $18 {[%cal Rd1d7]}) (18... Nxe5 19. Bxe5 {[%cal Re5g7,Re5c7]}
Rxa3 20. Qxc7 $16) 19. exd5 Na7 $1 (19... Nxe5 20. Bxe5 $16) 20. Nxd7 Nb5 $1
21. Qb3 (21. Qd3 Qxd7 22. Rab1 Nd6) 21... Qxd7 22. a4 Nd6 23. Rac1 $14) 18...
Qxd7 (18... Rxa3 19. Qc1 Qxd7 20. d5 {[%csl Ra3][%cal Gd5d6]}) 19. d5 {[%csl
Rc7]} exd5 20. exd5 $16 Bf6 $140 $2 21. dxc6 Qxd1+ 22. Rxd1 Bxc3 23. cxb7 $18)
18. Rd2 {[%csl Gd4,Ge4] Weiß hält seinen Mehrbauern, aber von größerer
Bedeutung ist sein großes Übergewicht im Zentrum.} Bd6 19. Nd3 (19. Rb1 $14)
19... Qe7 {[%csl Ra3][%cal Ge7a3]} (19... Bxf4 20. Nxf4 $14 {[%csl Gd4,Ge4]})
20. Rb1 Rfc8 (20... Bxa3 $2 21. Qxc7 $16) 21. Be3 $5 {White's deciding to give
a pawn back to get strong piece play. Weiß gibt den Bauern zurück und plant
den Zentrumsvorstoß d4-d5.} (21. Bxd6 cxd6 {[%csl Rc3,Yc4,Gc8]} 22. Qb4 (22.
Qb2 Nc4 $17 {[%cal Rc4b2,Rc4d2]}) 22... Rc4 23. Qb2 {Schwarz entfaltet
Aktivität für den geopferten Bauern.}) (21. Nc5 $5 {Mikhalevski,V keeping an
extra pawn.}) 21... Bxa3 22. d5 $36 exd5 (22... c6 23. dxe6 fxe6 24. Bb6 $18 {
[%csl Ra5,Gb6,Gc3]}) 23. exd5 Bd6 {Otherwise White comes with Nc5.} (23... c6
24. Bh3 Rd8 25. Nc5 Bxc5 26. Bxc5 $16) 24. Bd4 {[%csl Ra4,Ra5,Gc3,Gd4,Gd5]
[%cal Rc3g7] Die weiße Figurenstellung ist aktiver, wobei das Hauptproblem des
Schwarzen die schlechte Stellung seines Na5 ist.} Qf8 (24... Qg5 $5 {
Mikhalevski,V} 25. Nc5 $14 {[%csl Ra5]}) 25. Nc5 Be8 (25... Bxc5 26. Bxc5 Qe8
27. Rd4 $16 {[%csl Ra5,Gc3,Gc5,Gd4,Rg8][%cal Rd4g4]} (27. Bh3 Bd7)) 26. Bh3 Rd8
(26... Rcb8 27. Re2 $14 (27. Rdb2 b6 28. Ne4 $14)) 27. Ne4 {White's dominating.
} Bd7 $2 {Es ist strategisch angezeigt, die weißfeldrigen Läufer zu tauschen,
aber Schwarz verliert einen Bauern.} (27... b5 {[%csl Yc4]} 28. Nxd6 Qxd6 (
28... cxd6 {Mikhalevski,V} 29. Bb6 Nc4 30. Bxd8 Nxd2 31. Qxd2 Rxd8 32. Bf1 $16
{[%csl Rb5]} Rb8 $140 $2 33. a4) 29. Bc5 (29. Be5 Qg6 30. Re1 Nc4 31. Bxc7 Nxd2
32. Bxd8 Rxd8 33. Qxd2 $16) (29. Bxg7 Qg6 {[%cal Rg6b1,Rg6g7]} 30. Rb4 Nc4 31.
Rd4 c5 $1 $13) 29... Qg6 30. Re1 $14) (27... b6 $2 28. Nxd6 (28. Re2 $14) 28...
Qxd6 29. Bxg7 Qg6 30. Rb4 $16 {[%cal Rb4g4,Rg4g8]}) 28. Bxd7 Rxd7 29. Nxd6 $5 (
29. Rb5 $5 {Mikhalevski,V The simpliest.} b6 30. Nxd6 Rxd6 31. Be5 $16 {
[%csl Rc7]}) 29... Qxd6 (29... Rxd6 30. Bc5 $16 {[%cal Rc5f8]}) (29... cxd6 30.
Bb6 $18 {[%csl Ra5]}) 30. Rb5 (30. Bxg7 $4 Qg6 {[%cal Rg6b1,Rg6g7]} 31. Rb5 {
[%csl Ra5]} Qxg7 $19) 30... Qa6 (30... b6 31. Bxg7 $16 (31. Be5 $5)) (30... b6
$142 {Mikhalevski,V see 29.Rb5!}) 31. Rc5 {[%csl Ra5,Gc3,Gc5,Rc7,Gd4,Rg7]} b6
32. Rxc7 $16 {Schwarz hat kein Gegenspiel und der weiße d-Bauer ist stark.}
Rxc7 (32... Rxd5 $2 $18 33. Qf3 {[%csl Gc7,Gf3,Rg8][%cal Rf3d5,Rf3f7]}) 33.
Qxc7 Nc4 (33... Rc8 {Mikhalevski,V} 34. Qe5 (34. Re2 $5) 34... Rc1+ $140 35.
Kg2 Qf1+ 36. Kf3 Qh1+ 37. Kf4 $18 {[%csl Rg8]}) 34. Re2 {[%csl Gc7,Gd4,Gd5,Ge2]
Weiß entfaltet große Aktivität.} Qa4 {[%cal Ra4d1,Rd1g1,Rd1e2]} (34... Nd6 {
[%cal Ga6e2] Mikhalevski,V} 35. Re7 $1 Qa4 36. Qxd6 Qxd4 37. Qc6 $18) 35. Kg2
Nd6 36. Qxd6 $5 {Einfach und gut. Nach dem Figurentausch geht´s voran mit dem
d-Bauern.} (36. Qxb6 $16) 36... Qxd4 37. Qc6 {[%cal Rc6a8,Re2e8,Re8g8]} Rf8 38.
d6 $18 {Der Freibauer entscheidet die Partie.} f5 39. d7 {[%csl Gd7]} f4 40.
Re8 {[%csl Gd7]} Qd3 (40... f3+ 41. Qxf3 $18 (41. Kh3 $18)) 41. Qe6+ {nebst
Matt. Schwarz gab auf.} (41. Qe6+ Kh8 42. Rxf8#) 1-0

[Event "GER-ch 75th"]
[Site "Hoeckendorf"]
[Date "2004.02.06"]
[Round "8"]
[White "Graf, Alexander"]
[Black "Naiditsch, Arkadij"]
[Result "1-0"]
[WhiteElo "2629"]
[BlackElo "2576"]
[Annotator "Ribli,Z"]
[PlyCount "61"]
[EventDate "2004.01.30"]
[EventType "swiss"]
[EventRounds "9"]
[EventCountry "GER"]
[SourceTitle "CBM 100"]
[Source "ChessBase"]
[SourceDate "2004.06.01"]
[SourceVersion "1"]
[SourceVersionDate "2004.06.01"]
[SourceQuality "1"]

1. Nf3 Nf6 2. c4 e6 3. g3 d5 4. d4 dxc4 5. Qa4+ {Dieser Zug wird heutzutage
selten gespielt. Weiß gewinnt den c4-Bauern zurück, aber die Hauptfortsetzung
5.Bg2 bietet Weiß mehr Chancen auf Eröffnungsvorteil.} Nbd7 {Das ist die
gewöhnliche - und einfache - Fortsetzung, aber 5...Bd7 6.Qxc4 Bc6 ist auch
spielbar.} 6. Bg2 a6 7. Nc3 Rb8 8. Qxc4 b5 9. Qd3 Bb7 10. O-O Bd6 {Schwarz
stellt den Läufer nach d6 - wahrscheinlich hatte er Angst vor 10...c5!? 11.
dxc5 Bxc5 12.Bf4. Trotzdem erhält Schwarz ausgezeichnete Ausgleichschancen
hiermit.} (10... c5 $5 11. dxc5 Bxc5 12. Bf4 Rc8 13. Ng5 (13. Rad1 O-O 14. Ne5
Bxg2 15. Kxg2 Nxe5 16. Bxe5 Be7 17. Qxd8 Rfxd8 18. Rxd8+ Rxd8 19. Rc1 Rc8 20.
Bf4 Kf8 21. Kf3 Ke8 {1/2-1/2 Andersson,U-Gonzalez,Y/Havana 2003/CBM 96 (37)})
13... Bxg2 14. Kxg2 O-O 15. Rad1 Qb6 16. Qf3 Bd4 {1/2-1/2 Graf,A-Vallejo Pons,
F/Lanzarote 2003/CBM 94 ext (16)}) 11. Ng5 $5 {[%mdl 4] Nit diesem Zug
verteidigt sich Weiß gegen 11...b4 und 12...Be4. Im folgenden tauschen die
Spieler die weißfarbigen Läufer und Weiß bekommt etwas Initiative.} (11. Rd1 b4
(11... O-O 12. Ng5 Bxg2 13. Kxg2 e5 14. Nce4 h6 15. Nf3 Nxe4 16. Qxe4 Nf6 17.
Qc2 e4 18. Nd2 Re8 19. Nb3 Nd5 20. Nc5 Bxc5 21. Qxc5 Qd7 {0-1 Petrovs,V-Pirc,V/
Lodz 1938/HCL (51)}) 12. Nb1 O-O 13. Nbd2 c5 14. Nc4 Be4 15. Qb3 Bd5 16. Qd3
Be7 {0-1 Szekely,P-Beliavsky,A/Hungary 1998/EXT 2000 (54)}) 11... Bxg2 12. Kxg2
Be7 (12... O-O 13. Rd1 {[%cal Gd1d8]} c5 $5 {Weiß hat starken Druck auf der
d-Linie, aber Schwarz kann trotzdem diese Befreiungsmöglichkeit durchsetzen.}
14. dxc5 Bxc5 15. Bf4 (15. Nxh7 Nxh7 16. Qxd7 Qb6 $44 17. Qd3 (17. Qd2 Bxf2 18.
e3 b4 $36) 17... Bxf2 18. e3 Rfd8 19. Qe2 b4 $36) 15... e5 16. Be3 Bxe3 17.
Qxe3 Qe7 $11) 13. Bf4 $13 {Weiß verhindert die Ausgleichsmöglichkeit 13...c5,
aber seine Figuren stehen ein wenig unnatürlich.} (13. Rd1 O-O 14. Bf4 $11)
13... Nh5 $1 {Der g5N hängt und es droht 14...Nxf4+, wonach die weiße
Bauerenstruktur am Königsflügel schwach wird.} (13... O-O 14. Rac1 $14) 14.
Nce4 (14. Nge4 O-O 15. Rac1 Nxf4+ 16. gxf4 f5 17. Ng3 c5 $15) 14... Nxf4+ 15.
gxf4 Nb6 {[%cal Gb6d5]} (15... h6 16. Nf3 O-O 17. Rac1 $14) 16. Rac1 {[%csl
Yc5,Yc6][%cal Gc1c7]} (16. Rfc1 $5) 16... h6 $6 (16... Qd5 $1 $36 {[%csl Gd5]
[%cal Gd5a2,Gd5g2]} 17. Nf3 Qxa2 18. Rxc7 $2 Nd5 $19 {[%cal Rd5c7,Rd5f4,Rf4d3,
Rf4g2]}) 17. Nf3 Nd5 (17... O-O 18. Ne5 $14) 18. e3 Rb6 {Mit diesem
prophylaktischen Zug verteidigt sich Schwarz gegen Ne5-Nc6.} (18... g5 19. Ne5
gxf4 20. Nc6 fxe3 21. fxe3 Nb4 22. Nxb4 Bxb4 23. Nf6+ $44) 19. Rfd1 (19. Ne5)
19... g5 {Mit dieser agressiven Fortsetzung möchte Schwarz seine Chancen am
Königsflügel finden.} (19... O-O 20. Nc5 $14) 20. Nc3 $5 {Dieser Zug ist
eigentlich ein Bauernopfer, Weiß möchte die beste schwarze Figur - im Falle
von 20...gxf4 - mit 21.e4 verjagen.} (20. fxg5 hxg5 $13) 20... f5 {Dieser Zug
richtet sich gegen die Möglichkeit e3-e4, aber er schwächt die schwarze
Königsstellung.} (20... gxf4 21. e4 Rg8+ 22. Kf1 $44) 21. Ne5 {[%csl Ge5] Der
e5N steht ausgezeichnet.} (21. fxg5 hxg5 $36) 21... gxf4 22. e4 $44 Nxc3 23.
Rxc3 Qa8 $2 {[%cal Ga8g2] Dieser Zug kommt mit Tempo, aber die schwarze Dame
wird weit vom Hauptkriegschauplatz entfernt.} (23... Bd6 $142 24. exf5 Qf6 $13
(24... Qg5+ 25. Kh1 Rg8 26. Qf3 $36)) 24. f3 $1 $16 {Weiß verstärkt sein
Bauernzentrum.} (24. Rxc7 Bd6 $1 $13 (24... Qxe4+ 25. Qxe4 fxe4 (25... Rg8+ 26.
Kf3 fxe4+ 27. Kxe4 $14) 26. Rc8+ Bd8 27. Rxd8+ Kxd8 28. Nf7+ Ke7 29. Nxh8 Kf6
30. Re1 Rb8 31. Rxe4 Rxh8 32. Rxf4+ $16)) 24... Rd6 (24... Rg8+ 25. Kf1 $44 (
25. Kh1 $44)) 25. exf5 Bf6 (25... Qd5 26. f6 Rg8+ 27. Kh1 Bxf6 28. Qh7 $18) 26.
fxe6 Rg8+ 27. Kf1 Bxe5 (27... Rxe6 28. Qh7 $18 {[%csl Re8][%cal Rh7g8,Rh7f7,
Rf7e8]}) 28. Qf5 $1 $18 {[%cal Rf5f7,Rf7e8,Rf7g8][%mdl 128]} Rf8 29. Qh5+ Kd8 (
29... Ke7 30. Qxe5 $18) 30. Qxe5 Re8 31. d5 {Mit den verbundenen d5- und
e6-Bauern steht Weiß auf Gewinn.} 1-0

[Event "FIDE-Wch k.o."]
[Site "Groningen"]
[Date "1997.12.11"]
[Round "2.1"]
[White "Andersson, Ulf"]
[Black "Milov, Vadim"]
[Result "1-0"]
[WhiteElo "2640"]
[BlackElo "2635"]
[Annotator "Ribli,Z"]
[PlyCount "63"]
[EventDate "1997.12.09"]
[EventType "k.o."]
[EventRounds "7"]
[EventCountry "NED"]
[SourceTitle "CBM 063"]
[Source "ChessBase"]
[SourceDate "1998.03.26"]
[SourceVersion "1"]
[SourceVersionDate "1998.03.26"]
[SourceQuality "1"]

1. d4 Nf6 2. Nf3 d5 3. c4 e6 4. g3 dxc4 5. Qa4+ {Theoretisch bietet dieser Zug
dem weißen keinen Vorteil, aber Andersson spielt das sehr gerne.} Nbd7 6. Bg2 (
6. Qxc4 b6 7. Bg2 (7. Qc6 $6 Rb8) 7... Bb7 $11) 6... a6 7. Nc3 $5 (7. Qxc4 b5
8. Qc6 Rb8 $11) 7... Rb8 {Jetzt droht wirklich 8...b5, also muß Weiß auf c4
nehmen.} 8. Qxc4 b5 9. Qd3 Bb7 10. O-O (10. Bf4 Bd6 (10... Rc8 11. O-O c5) 11.
Bxd6 cxd6 $11) 10... c5 11. dxc5 (11. Bf4 Rc8 12. dxc5 Bxc5 {ist nur
Zugumstellung.}) 11... Bxc5 (11... Nxc5 12. Qxd8+ (12. Qc2 b4) 12... Rxd8 13.
Bf4 b4 14. Nd1 Nd5 15. Rc1 Be7 (15... Nxf4 16. gxf4 $14) 16. Ne3 $14 {[%cal
Re3c4]}) 12. Bf4 Rc8 {Wir haben eine etwa gleiche Position. Die Bauernstellung
ist symmetrisch. Weiß hat einen minimalen Vorteil, weil der schwarze
Damenflügel etwas schwach ist.} 13. Rad1 (13. Ng5 Bxg2 14. Kxg2 O-O 15. a4 h6
16. Nge4 b4 17. Nxf6+ Nxf6 18. Ne4 Qxd3 19. Nxf6+ gxf6 20. exd3 Bd4 21. Bxh6
Rfd8 22. Rab1 b3 {Plachetka,J-Farago,I/AUT-chT 1993/0-1 (50)}) (13. Bd6 Qb6 14.
Rad1 Nd5 15. Bxc5 Nxc5 16. Nxd5 Bxd5 17. Qd4 O-O 18. a3 Na4 19. Rd2 Qb8 20. Qe5
{Kochyev,A-Kaidanov,G/Peer Gynt 1991/1/2-1/2 (54)}) 13... b4 $6 {Dieser Zug
gefällt mir nicht, denn er schwächt die schwarze Bauernstellung am Damenflügel.
} (13... O-O {Das ist nach meiner Meinung der beste Zug und so spielten auch
Karpov und Kasparov gegen Andersson.} 14. Ne5 Bxg2 15. Kxg2 Nxe5 16. Bxe5 Qxd3
(16... Be7 $5 17. Qf3 Qa5 18. Qb7 Rfe8 19. a3 b4 20. Bxf6 gxf6 21. axb4 Qxb4
22. Qxb4 Bxb4 23. Ne4 Be7 24. Nd6 {1/2-1/2 Vera,R-Nogueiras,J/Linares MEX 1994}
) 17. Rxd3 Rfd8 18. Rxd8+ Rxd8 19. Bxf6 gxf6 20. Rc1 (20. Rd1 Rxd1 21. Nxd1 f5
22. f3 Kg7 23. Nf2 Kf6 {1/2-1/2 Andersson,U-Karpov,A/Wijk 1988 (36)}) 20... Bd4
21. Rd1 f5 22. a4 bxa4 23. Nxa4 Kf8 24. e3 Bb6 25. Rxd8+ Bxd8 26. Kf3 Ke7 27.
Nc5 a5 28. Ke2 Bb6 29. Na4 Bd8 30. Kd3 Kd6 {Andersson,U-Hjartarson,J/Malmo
1995/1/2-1/2 (60)}) 14. Na4 Be7 (14... Be4 15. Qd2 (15. Qxa6 Ra8 16. Qb5 (16.
Nxc5 Rxa6 17. Nxa6 Nd5 $15) 16... Ra5 17. Qxc5 Nxc5 18. Rxd8+ Kxd8 $15) 15...
Be7 16. Rc1 O-O 17. Rxc8 Qxc8 18. Rc1 Qa8 19. Bd6 Bxd6 20. Qxd6 a5 21. Ne1 Bxg2
22. Nxg2 Rc8 {1/2-1/2 Anic,D-Loginov,V/Budapest FS11 GM 1993 (36)}) 15. Ne5
Bxg2 16. Kxg2 $14 {Weiß hat Entwicklungsvorsprung und Schwarz hat
Felderschwächen am Damenflügel.} Qa5 {Eine interessante Möglichkeit. Der
Partiezug führt zu Vereinfachungen mit kleinem Vorteil für Weiß.} (16... Nxe5
17. Bxe5 Qxd3 (17... Qa5 $2 18. Bxf6 Qxa4 (18... Bxf6 19. Qd7+ $18) 19. Bxg7
Rg8 20. Qxh7 $18) 18. Rxd3 $14) (16... Nd5 17. Nxd7 (17. Qxa6 Ra8 18. Qc6 $16)
17... Qxd7 18. Qxa6 $16) 17. Nxd7 Qxa4 18. Nxf6+ (18. Nb6 $2 Qc6+ $19) 18...
Bxf6 19. b3 Qc6+ 20. Qf3 Qxf3+ (20... O-O $2 21. Bd6 (21. Qxc6 Rxc6 22. Bd6
Rfc8 23. Bxb4 Rc2 24. Rd2 Rxd2 25. Bxd2 Rc2 $11) 21... Rfd8 22. Bxb4 $16) (
20... Qb5 21. Bd6 $14 {[%csl Gd6][%cal Gd6b4,Gd6f8]}) 21. Kxf3 {Aus der
Eröffnung geht´s ohne Mittelspiel gleich ins Endspiel. Weiß hat einen kleinen
Vorteil wegen den schwarzen Schwächen am Damenflügel.} Rc3+ 22. Kg2 a5 (22...
Rc2 23. Rd2 $6 (23. Rc1 Rxc1 (23... Rxe2 24. Rc8+ Bd8 25. Rd1 Ke7 26. Be3 $16 {
[%csl Re7]}) (23... Rc3 24. Bd2 Rxc1 25. Rxc1 $14) 24. Rxc1 {[%csl Gc1][%cal
Rc1c7]} Bc3 25. Be5 $1 $16 (25. Bd2 $1)) 23... Rxd2 24. Bxd2 Be7 25. Rc1 Kd7
$11 (25... O-O 26. Rc7 Bd6 27. Rc6 $16)) 23. Rd6 {[%csl Gd6]} g5 {Schwarz
strebt nach taktischen Verwicklungen, denn nach normalen Zügen ist er
dauerhaft in leichtem Nachteil.} (23... Rc2 24. Rc1 Rxc1 25. Bxc1 O-O 26. Ra6
$14 {[%csl Ra5,Ga6,Rb4]}) 24. Be3 a4 (24... Rc2 25. Rc1 Rxc1 26. Bxc1 $14) 25.
bxa4 O-O (25... Ra3 26. Rb6 $1 Rxa4 (26... Rxa2 27. Rxb4 $16 {[%csl Ga4][%cal
Ra4a8]}) (26... Bc3 27. Bxg5 $16) 27. Rb8+ Kd7 28. Rb7+ $16 {[%csl Gb7]}) 26.
a5 Ra8 27. a6 Ra3 28. a7 $16 {[%csl Ga7]} Rxa2 29. Rd7 {[%cal Rd7b7,Rb7b8]} Kg7
(29... b3 30. Rb7 {[%cal Rb7b8,Rb7b3]} b2 31. Rb8+ Kg7 32. Rxa8 Ra1 33. Rxa1
bxa1=Q 34. Rb8 $18) 30. Rb7 Rxe2 31. Rd1 $18 {[%cal Rd1d7]} (31. Rb8 $2 Rxe3
32. Rxa8 (32. fxe3 Rxa7 33. Rxb4 $14) 32... Ra3 {[%csl Ga3,Ra8,Gb4][%cal Rb4b1]
}) 31... b3 32. Rb8 {und Schwarz gab in verlorener Stellung auf.} (32. Rb8 Rxe3
33. Rxa8 $18 {Und es geht kein 33...Ra3, so daß Weiß gewinnt. Ribli.}) 1-0